Countries by Road Signs - Statistics

General Stats
  • This quiz has been taken 54,377 times
  • The average score is 11 of 15
Answer Stats
Picture Answer % Correct
United States
100%
Canada
97%
China
97%
United Kingdom
97%
Ireland
94%
Egypt
93%
Ethiopia
76%
Chile
73%
Pakistan
67%
Brazil
66%
Malta
63%
Morocco
55%
Bahrain
46%
Serbia
41%
Eswatini
37%
No matching quizzes found
Score Distribution
Percent of People with Each Score
Percentile by Number Answered
Your Score History
You have not taken this quiz